Talent Díjátadó 2020

Elmentve itt :
Bibliográfiai részletek
Dokumentumtípus: Cikk
Megjelent: 2020-07-10
Sorozat:SZTE Junior Akadémia
Kulcsszavak:Tehetséggondozás, SZTE Junior Akadémia, Szegedi Tehetséggondozó Tanács, Egyetemi hallgatók, Rendhagyó ösztöndíj átadó - Talent Díjátadó film, Badó Attila - Szegedi Tehetséggondozó Tanács elnöke - Junior Akadémia elnöke, Újvári Edit - Junior Akadémia igazgatója, Tajti Gabriella - irodavezető, Balogh Elemér - tanszékvezető - egyetemi tanár, Várkonyi Andrea - Járai Zsigmond - Szegedi Tehetséggondozó Tanács tagja
Online Access:http://univ.bibl.u-szeged.hu/55142
LEADER 00959nab a2200157 i 4500
001 univ55142
005 20200904101604.0
008 200904s2020 hu o 0|| zxx d
040 |a SZTE UnivHistória Repozitórium  |b hun 
041 |a zxx 
245 0 0 |a Talent Díjátadó 2020  |h [elektronikus dokumentum] 
260 |c 2020-07-10 
490 0 |a SZTE Junior Akadémia 
561 |a Egyetemi hirarchívum 
695 |a Tehetséggondozás, SZTE Junior Akadémia, Szegedi Tehetséggondozó Tanács, Egyetemi hallgatók, Rendhagyó ösztöndíj átadó - Talent Díjátadó film, Badó Attila - Szegedi Tehetséggondozó Tanács elnöke - Junior Akadémia elnöke, Újvári Edit - Junior Akadémia igazgatója, Tajti Gabriella - irodavezető, Balogh Elemér - tanszékvezető - egyetemi tanár, Várkonyi Andrea - Járai Zsigmond - Szegedi Tehetséggondozó Tanács tagja 
856 4 0 |u http://univ.bibl.u-szeged.hu/55142/1/Talent%20D%C3%ADj%C3%A1tad%C3%B3%202020.mp4  |z Dokumentum-elérés